Die Augenheilkunde des Ibn Sina /

محفوظ في:

المؤلف الرئيسي: Avicenna, 980-1037.

مؤلفون آخرون: Hirschberg, J. 1843-1925., Lippert, Julius, 1839-1909.

التنسيق: كتاب

اللغة: German

منشور في: Leipzig : Veit, 1902.

الموضوعات:

الوسوم: إضافة وسم

لا توجد وسوم, كن أول من يضع وسما على هذه التسجيلة!

رقم الطلب: RE41 .A92

LEADER 00743nam a22002297a 4500
003 OSt
005 20251124103954.0
008 251124t1902 gw 000 0 ger d
040 |c ARCE Library 
050 1 4 |a RE41  |b .A92 
100 1 |a Avicenna,   |d 980-1037. 
245 1 4 |a Die Augenheilkunde des Ibn Sina /   |c aus dem Arabischen übers. und erläutert von J. Hirschberg und J. Lippert. 
264 1 |a Leipzig :   |b Veit,   |c 1902. 
300 |a viii, 186 p. :   |c 23 cm. 
650 4 |a Eye -- Diseases -- Early works to 1800. 
650 0 |a Eye Diseases. 
650 0 |a Medicine -- Early works to 1800. 
700 1 |a Hirschberg, J.   |q (Julius),   |d 1843-1925. 
700 1 |a Lippert, Julius,   |d 1839-1909. 
901 |a reviewed 
942 |2 lcc  |c BK 
999 |c 49250  |d 49250